Normal view
MARC view
- Jewett, J.W Serway, Raymond.A
Entry Personal Name
001 - CONTROL NUMBER
- control field: 58492
003 - CONTROL NUMBER IDENTIFIER
- control field: NUST
005 - DATE AND TIME OF LATEST TRANSACTION
- control field: 20210628202144.0
008 - FIXED-LENGTH DATA ELEMENTS
- fixed length control field: 210628|| aca||aabn | a|a d
040 ## - CATALOGING SOURCE
- Original cataloging agency: NUST
- Transcribing agency: NUST
100 ## - HEADING--PERSONAL NAME
- Personal name: Jewett, J.W Serway, Raymond.A
670 ## - SOURCE DATA FOUND
- Source citation: Work cat.: (NUST): Jewett, J.W Serway, Raymond.A, Principles of physics, va calculus based text, 2002
